[Event "Puerto Rico Inv"]
[Site "Caguas"]
[Date "2021.05.01"]
[Round "2"]
[White "Schnell, Sebastian Narayana"]
[Black "Torres Torres, Jefferson Arturo"]
[Result "1-0"]
[WhiteElo "1519"]
[BlackElo "1736"]
[PlyCount "79"]
[EventDate "2021.04.30"]
[EventType "swiss"]
[EventRounds "5"]
[EventCountry "PUR"]
[SourceTitle "EXT 2023"]
[Source "ChessBase"]
[SourceDate "2022.10.05"]
[SourceVersion "1"]
[SourceVersionDate "2022.10.05"]
[SourceQuality "1"]

1. Nf3 d5 2. d4 Nf6 3. e3 e6 4. Bd3 b6 5. Nbd2 Bb7 6. 0-0 Nbd7 7. Re1 Ne4 8. Ne5 Nxe5 9. dxe5 Be7 10. Bxe4 dxe4 11. Qg4 0-0 12. Nxe4 Qd5 13. Nf6+ Bxf6 14. exf6 g6 15. e4 Qh5 16. Qxh5 gxh5 17. Bf4 Rfd8 18. f3 Rd7 19. Kf2 Rad8 20. Kg3 c5 21. Kh4 e5 22. Be3 Rd6 23. Kxh5 h6 24. Bxh6 Kh7 25. Be3 Bc8 26. Kh4 Kg6 27. Kg3 Kxf6 28. a4 a5 29. Kf2 Ke6 30. g4 Rh8 31. Kg3 Ke7 32. h4 Rg6 33. Rad1 Bd7 34. b3 Ke8 35. Rd2 f5 36. exf5 Bxf5 37. Bg5 Bd7 38. Rxe5+ Re6 39. Rxe6+ Bxe6 40. Rd8+ 1-0

[Event "San Jose de David"]
[Site "San Jose de David"]
[Date "2020.02.14"]
[Round "8"]
[White "Aguila Batista, Jose"]
[Black "Schnell, Sebastian Narayana"]
[Result "1-0"]
[WhiteElo "1842"]
[BlackElo "1374"]
[PlyCount "61"]
[EventDate "2020.02.11"]
[EventType "tourn"]
[EventRounds "9"]
[EventCountry "PAN"]
[SourceTitle "CBM 195 Extra"]
[Source "ChessBase"]
[SourceDate "2020.05.31"]
[SourceVersion "1"]
[SourceVersionDate "2020.05.31"]
[SourceQuality "1"]

1. e4 e5 2. Nf3 Nf6 3. Bc4 Nc6 4. d3 Bc5 5. c3 h6 6. a4 a5 7. Nbd2 d6 8. h3 0-0 9. 0-0 Ne7 10. Bb3 Ng6 11. Re1 Re8 12. Nf1 Bd7 13. Ng3 Qc8 14. d4 exd4 15. cxd4 Bb6 16. Qd3 Be6 17. Bc2 c6 18. Bd2 Bc7 19. Rad1 d5 20. e5 Nd7 21. Qe3 Nb6 22. b3 Ne7 23. Nh4 g5 24. Nh5 Rd8 25. Nf6+ Kg7 26. g4 Nd7 27. Nh5+ Kf8 28. Nf5 Bxf5 29. gxf5 Nb6 30. Qf3 Nd7 31. e6 1-0

[Event "San Jose de David"]
[Site "San Jose de David"]
[Date "2020.02.13"]
[Round "6"]
[White "Murillo, Florentino"]
[Black "Schnell, Sebastian Narayana"]
[Result "1-0"]
[WhiteElo "1894"]
[BlackElo "1374"]
[PlyCount "63"]
[EventDate "2020.02.11"]
[EventType "tourn"]
[EventRounds "9"]
[EventCountry "PAN"]
[SourceTitle "CBM 195 Extra"]
[Source "ChessBase"]
[SourceDate "2020.05.31"]
[SourceVersion "1"]
[SourceVersionDate "2020.05.31"]
[SourceQuality "1"]

1. e4 c6 2. d4 d5 3. Nd2 dxe4 4. Nxe4 Nf6 5. Ng3 e6 6. Nf3 Bd6 7. Bd3 b6 8. Qe2 Bb7 9. Nf5 0-0 10. Nxd6 Qxd6 11. Bg5 Nbd7 12. 0-0-0 Rac8 13. Ne5 Nd5 14. Qh5 f5 15. Rhe1 N7f6 16. Qe2 Rce8 17. f3 b5 18. c3 a5 19. h3 b4 20. c4 Ne7 21. Bc2 Ng6 22. g4 Ne7 23. Bf4 Qd8 24. Bh2 Qc8 25. Nd3 Ng6 26. Bd6 Rf7 27. g5 Nd7 28. c5 Nb8 29. Bb3 Ba6 30. Bxe6 Qd8 31. Bxf7+ Kxf7 32. Qxe8+ 1-0

[Event "San Jose de David"]
[Site "San Jose de David"]
[Date "2020.02.13"]
[Round "5"]
[White "Schnell, Sebastian Narayana"]
[Black "Murillo Subia, Agustin"]
[Result "1-0"]
[WhiteElo "1374"]
[BlackElo "1665"]
[PlyCount "109"]
[EventDate "2020.02.11"]
[EventType "tourn"]
[EventRounds "9"]
[EventCountry "PAN"]
[SourceTitle "CBM 195 Extra"]
[Source "ChessBase"]
[SourceDate "2020.05.31"]
[SourceVersion "1"]
[SourceVersionDate "2020.05.31"]
[SourceQuality "1"]

1. e4 c5 2. Nc3 g6 3. g3 Bg7 4. Bg2 Nc6 5. Nge2 e6 6. d3 a6 7. 0-0 Nge7 8. h3 h6 9. f4 0-0 10. g4 d5 11. Ng3 dxe4 12. dxe4 Qd4+ 13. Kh2 Rd8 14. Qe2 Qb4 15. a3 Qa5 16. Bd2 Qc7 17. Be3 Nd4 18. Qf2 b6 19. e5 Bb7 20. Nce4 Nd5 21. Bxd4 cxd4 22. Nd6 Bc6 23. Qxd4 Qxd6 24. c4 Qc7 25. cxd5 Bxd5 26. Qf2 Rd7 27. Bxd5 Rxd5 28. Ne4 Rad8 29. Rac1 Qb8 30. Rc6 Qa8 31. Qxb6 Rb5 32. Qxa6 Rxb2+ 33. Kg3 g5 34. Qxa8 Rxa8 35. fxg5 Rxa3+ 36. Kh4 Rh2 37. gxh6 Raxh3+ 38. Kg5 Bxh6+ 39. Kf6 Bg7+ 40. Ke7 Bf8+ 41. Ke8 Ra3 42. Nf6+ Kg7 43. Nh5+ Kg8 44. Rc8 Ra7 45. Nf6+ Kg7 46. Nd7 Ba3 47. Rxf7+ Kg6 48. Nf8+ Bxf8 49. Rxa7 Rh8 50. Raa8 Bd6+ 51. Kd7 Rxc8 52. Rxc8 Bxe5 53. Kxe6 Bb2 54. Rg8+ Kh7 55. Kf7 1-0

[Event "Pan American-ch School U13"]
[Site "Medellin"]
[Date "2019.11.17"]
[Round "9"]
[White "Schnell, Sebastian Narayana"]
[Black "Molina Ballesteros, Juan Sebastian"]
[Result "0-1"]
[WhiteElo "1376"]
[BlackElo "1530"]
[PlyCount "36"]
[EventDate "2019.11.12"]
[EventType "swiss"]
[EventRounds "9"]
[EventCountry "COL"]
[SourceTitle "CBM 193 Extra"]
[Source "ChessBase"]
[SourceDate "2020.01.31"]
[SourceVersion "1"]
[SourceVersionDate "2020.01.31"]
[SourceQuality "1"]

1. e4 c5 2. Nc3 d6 3. g3 Nc6 4. Bg2 g6 5. Nge2 Bg7 6. d3 e6 7. 0-0 Nge7 8. h3 0-0 9. f4 a6 10. a4 Rb8 11. g4 f5 12. Ng3 Nd4 13. Nce2 Qc7 14. c3 Nxe2+ 15. Qxe2 b5 16. Be3 bxa4 17. Rxa4 Qb6 18. Rb1 Qc7 0-1

[Event "Pan American-ch School U13"]
[Site "Medellin"]
[Date "2019.11.16"]
[Round "8"]
[White "Guarin Fonseca, Nobel Alfredo"]
[Black "Schnell, Sebastian Narayana"]
[Result "1-0"]
[WhiteElo "1701"]
[BlackElo "1376"]
[PlyCount "27"]
[EventDate "2019.11.12"]
[EventType "swiss"]
[EventRounds "9"]
[EventCountry "COL"]
[SourceTitle "CBM 193 Extra"]
[Source "ChessBase"]
[SourceDate "2020.01.31"]
[SourceVersion "1"]
[SourceVersionDate "2020.01.31"]
[SourceQuality "1"]

1. e4 e5 2. Nf3 Nf6 3. Nxe5 d6 4. Nf3 Nxe4 5. Nc3 Nxc3 6. dxc3 Be7 7. Bd3 Nc6 8. Be3 Be6 9. Qe2 Qd7 10. 0-0-0 0-0-0 11. Bb5 Kb8 12. Ne5 Qe8 13. Bxc6 bxc6 14. Qa6 1-0

[Event "Pan American-ch School U13"]
[Site "Medellin"]
[Date "2019.11.12"]
[Round "1"]
[White "Hernandez Izquierdo, Jose A"]
[Black "Schnell, Sebastian Narayana"]
[Result "1-0"]
[WhiteElo "1943"]
[BlackElo "1376"]
[PlyCount "95"]
[EventDate "2019.11.12"]
[EventType "swiss"]
[EventRounds "9"]
[EventCountry "COL"]
[SourceTitle "CBM 193 Extra"]
[Source "ChessBase"]
[SourceDate "2020.01.31"]
[SourceVersion "1"]
[SourceVersionDate "2020.01.31"]
[SourceQuality "1"]

1. e4 e5 2. Nf3 Nf6 3. Nxe5 d6 4. Nf3 Nxe4 5. Nc3 Nxc3 6. dxc3 Nc6 7. Bf4 Be7 8. Qd2 a6 9. 0-0-0 Be6 10. Kb1 Qd7 11. h3 0-0-0 12. Bd3 Kb8 13. Rhe1 h6 14. a3 Na5 15. Nd4 Nc6 16. Nf3 Na5 17. Qe2 Bf6 18. Qe4 Rhe8 19. Qb4 Nc6 20. Qa4 Ne5 21. Qxd7 Nxd7 22. Nd4 Nc5 23. Nxe6 Nxd3 24. cxd3 Rxe6 25. Rxe6 fxe6 26. d4 Kc8 27. Kc2 Kd7 28. Bg3 Re8 29. Re1 Ke7 30. Kd3 Kf7 31. b3 Kg6 32. c4 Kf5 33. Bh2 h5 34. Re4 Kg6 35. b4 Kf7 36. Re1 Ke7 37. a4 Kd7 38. c5 Kc6 39. Kc4 b5+ 40. cxb6 cxb6 41. b5+ axb5+ 42. axb5+ Kc7 43. Ra1 Be7 44. Ra7+ Kc8 45. f3 g6 46. d5 e5 47. Bg1 Kb8 48. Bxb6 1-0